Les Meilleurs Buteurs à chaque édition de CDM - Statistiques

Statistiques générales
  • Ce quiz a été pris 176 fois
  • Le résultat moyen est 6 sur 22
Statistiques - réponses
Edition Meilleur buteur % Correct
2022 Mbappé
100%
2002 Ronaldo
90%
2006 Klose
68%
2010 Muller
64%
1970 Muller
64%
2018 Kane
58%
1958 Fontaine
47%
2014 Rodriguez
30%
1998 Suker
19%
1966 Eusebio
18%
1982 Rossi
13%
1978 Kempes
8%
1986 Lineker
6%
1954 Kocsis
5%
1994 Salenko
5%
1990 Schillaci
5%
1974 Lato
4%
1938 Leonidas
4%
1950 Ademir
3%
1930 Stabile
3%
1934 Nejedly
2%
1962 Albert
1%
Aucun quiz correspondant
Distribution des résultats
% des personnes avec chaque résultat
Percentile par nombre de réponses
Votre historique - résultats
Vous n’avez pas pris ce quiz